| 000 | 00510nam a2200157 a 4500 | ||
|---|---|---|---|
| 001 | 824 | ||
| 003 | CDMR | ||
| 005 | 20131014120722.0 | ||
| 008 | 130130s1946||||||||||||||||||||||||||||d | ||
| 040 |
_aCDMR _bcat _cCDMR |
||
| 100 | 1 |
_aSimón Diaz, José _9646 |
|
| 245 | 1 | 3 |
_aEl Artista _b: (Madrid 1835-1836) _cJosé Simón Díaz |
| 260 |
_aMadrid _c1946 _bInstituto Nicolás Antonio. Consejo Superior de Investigaciones Científicas |
||
| 490 | 0 |
_aColección de Índices de Publicaciones Periódicas _v1 |
|
| 942 |
_cMON _2ddc |
||
| 999 |
_c824 _d824 |
||